000 00740cam a2200241 a 4500
003 MX-MxUPN
005 20260306101916.0
008 991125s1967 fra fr 000 1 fre |
035 _aUPN01000027712
040 _aMX-MxUPN
_bspa
041 0 _afre
050 4 _aPQ2635 E8
_bR4.5
100 1 _aRenard, Jules,
_d1813-1877
_958947
245 1 0 _aHistoires naturelles
260 _aParís :
_bGarnier-Flammarion,
_c©1967.
300 _a190 páginas
490 _aCollection Garnier-Flammarion Brochée
_v150
650 0 _aAnimales
_vCuentos y leyendas
_9234
650 0 _aLiteratura francesa
_ySiglo XIX
_912797
700 _aGuichard, Léon
_958948
_eintroducción
_ecronología
902 _bVíctorGodínez/060326
942 _2lcc
_cLIBRO
999 _c27712
_d27712